[Event "Napoli Vomero Primavera op 6th"]
[Site "Napoli"]
[Date "2009.04.16"]
[Round "6"]
[White "Franco, Vincenzo"]
[Black "Supino, Domenico"]
[Result "0-1"]
[WhiteElo "1790"]
[BlackElo "2080"]
[PlyCount "74"]
[EventDate "2009.03.12"]
[EventType "swiss"]
[EventRounds "7"]
[EventCountry "ITA"]
[SourceTitle "EXT 2011"]
[Source "ChessBase"]
[SourceDate "2010.11.26"]
[SourceVersion "1"]
[SourceVersionDate "2010.11.26"]
[SourceQuality "1"]

1. e4 c5 2. c3 d5 3. exd5 Qxd5 4. d4 Nc6 5. Nf3 Bg4 6. Be2 e6 7. Be3 cxd4 8. cxd4 Nf6 9. Nc3 Qd6 10. 0-0 Be7 11. Qb3 0-0 12. a3 a6 13. Rfd1 Rfd8 14. h3 Bh5 15. Rac1 Rd7 16. g4 Bg6 17. Ne5 Nxe5 18. dxe5 Qxe5 19. Rxd7 Nxd7 20. Qxb7 Rd8 21. Bxa6 Bd6 22. Qg2 Nf6 23. Be2 Rb8 24. b4 Rc8 25. Na2 Rxc1+ 26. Nxc1 Nd5 27. Bc5 Bxc5 28. bxc5 Qc3 29. Qf1 Qxc5 30. a4 h6 31. Nd3 Qa3 32. Qc1 Qxa4 33. Qc8+ Kh7 34. Nc5 Qa1+ 35. Kg2 Nf4+ 36. Kf3 Qc3+ 37. Kxf4 e5# 0-1

[Event "Napoli Vomero Primavera op 6th"]
[Site "Napoli"]
[Date "2009.04.02"]
[Round "4"]
[White "Capozzoli, Silvio"]
[Black "Franco, Vincenzo"]
[Result "0-1"]
[WhiteElo "1944"]
[BlackElo "1790"]
[PlyCount "50"]
[EventDate "2009.03.12"]
[EventType "swiss"]
[EventRounds "7"]
[EventCountry "ITA"]
[SourceTitle "EXT 2011"]
[Source "ChessBase"]
[SourceDate "2010.11.26"]
[SourceVersion "1"]
[SourceVersionDate "2010.11.26"]
[SourceQuality "1"]

1. e4 e5 2. d4 exd4 3. Nf3 Nc6 4. Bc4 Bc5 5. c3 d3 6. Qxd3 Nge7 7. Bxf7+ Kxf7 8. Qc4+ d5 9. Qxc5 Re8 10. Ng5+ Kg8 11. 0-0 b6 12. Qb5 a6 13. Qe2 h6 14. exd5 Nxd5 15. Ne4 Qh4 16. f3 Ne5 17. Qf2 Qh5 18. Rd1 Be6 19. Be3 Nc4 20. Bc1 Rad8 21. b3 Ne5 22. Na3 Bf5 23. Qe1 Nxf3+ 24. gxf3 Qxf3 25. Qg3 Qxd1+ 0-1